Debt to Equity Ratio and Sales Growth of Listed Oil and Gas Companies in Nigeria

Vzťah medzi finančnou štruktúrou spoločnosti je oblasťou rozsiahleho výskumu v oblasti podnikových financií. Všeobecným cieľom tejto štúdie je preskúmať vplyv pomeru dlhu k vlastnému kapitálu na rast tržieb kótovaných ropných a plynárenských spoločností v Nigérii.

Salvato in:
Dettagli Bibliografici
Autore principale: Amiru Balarabe, Lawal
Altri autori: Iliyasu, Sama'ila
Natura: Capitolo di libro
Lingua:inglese
Soggetti:
Tags: Aggiungi Tag
Nessun Tag, puoi essere il primo ad aggiungerne!!

MARC

LEADER 00000naa a2200000 4500
001 0308742
005 20250526094140.5
041 0 |a eng 
044 |a SK 
245 1 0 |a Debt to Equity Ratio and Sales Growth of Listed Oil and Gas Companies in Nigeria  |c Lawal Amiru Balarabe, Sama'ila Iliyasu 
520 |a Vzťah medzi finančnou štruktúrou spoločnosti je oblasťou rozsiahleho výskumu v oblasti podnikových financií. Všeobecným cieľom tejto štúdie je preskúmať vplyv pomeru dlhu k vlastnému kapitálu na rast tržieb kótovaných ropných a plynárenských spoločností v Nigérii. 
610 2 0 |a ropa 
610 2 0 |a kapitál 
610 2 0 |a Nigéria 
610 2 0 |a priemysel plynárenský 
610 2 0 |a financie podnikové 
100 1 |a Amiru Balarabe, Lawal 
700 1 |a Iliyasu, Sama'ila